2018 Final NCAAM Basketball Rankings - Statistics

General Stats
  • This quiz has been taken 38 times
    31 since last reset
  • The average score is 16 of 25
Answer Stats
Rank Answer % Correct
#9 Duke
96%
#4 Kansas
93%
#5 Michigan State
93%
#7 Michigan
89%
#18 Kentucky
85%
#17 Ohio State
81%
#10 North Carolina
78%
#14 Texas Tech
74%
#12 Arizona
70%
#22 Miami (FL)
70%
#2 Villanova
70%
#19 Auburn
67%
#21 Houston
67%
#23 Florida
63%
#11 Purdue
63%
#15 West Virginia
63%
#13 Tennessee
59%
#1 Virginia
56%
#8 Gonzaga
48%
#25 St. Mary's CA
44%
#3 Xavier
41%
#20 Clemson
30%
#24 Nevada
26%
#6 Cincinnati
22%
#16 Witchita State
7%
No matching quizzes found
Score Distribution
Percent of People with Each Score
Percentile by Number Answered
Your Score History
You have not taken this quiz since the last reset